<?xml version="1.0" encoding="UTF-8"?>
<record
    xmlns:xsi="http://www.w3.org/2001/XMLSchema-instance"
    xsi:schemaLocation="http://www.loc.gov/MARC21/slim http://www.loc.gov/standards/marcxml/schema/MARC21slim.xsd"
    xmlns="http://www.loc.gov/MARC21/slim">

  <leader>00772nam a2200229Ia 4500</leader>
  <controlfield tag="005">20220903104522.0</controlfield>
  <controlfield tag="008">210716s2010    xx            000 0 und d</controlfield>
  <datafield tag="020" ind1=" " ind2=" ">
    <subfield code="a">9780070706538</subfield>
  </datafield>
  <datafield tag="040" ind1=" " ind2=" ">
    <subfield code="c">AIMIT LIBRARY</subfield>
  </datafield>
  <datafield tag="041" ind1=" " ind2=" ">
    <subfield code="a">eng</subfield>
  </datafield>
  <datafield tag="082" ind1=" " ind2=" ">
    <subfield code="a">005.3068 </subfield>
    <subfield code="2">5</subfield>
    <subfield code="b">HUGB</subfield>
  </datafield>
  <datafield tag="100" ind1=" " ind2=" ">
    <subfield code="a">Hughes, Bob.</subfield>
    <subfield code="9">56470</subfield>
  </datafield>
  <datafield tag="245" ind1=" " ind2=" ">
    <subfield code="a">Software project management /</subfield>
    <subfield code="c">By Bob Hughes and Mike Cotterell.</subfield>
  </datafield>
  <datafield tag="250" ind1=" " ind2=" ">
    <subfield code="a">5th ed.</subfield>
  </datafield>
  <datafield tag="260" ind1=" " ind2=" ">
    <subfield code="a">New Delhi ;</subfield>
    <subfield code="b">Tata McGraw Hill Publishing Company Ltd ,</subfield>
    <subfield code="c">2010.</subfield>
  </datafield>
  <datafield tag="300" ind1=" " ind2=" ">
    <subfield code="a">xvii,392 p, ;</subfield>
    <subfield code="c">25 cm.</subfield>
  </datafield>
  <datafield tag="650" ind1=" " ind2=" ">
    <subfield code="a">Project evaluation and programme management </subfield>
    <subfield code="9">56471</subfield>
  </datafield>
  <datafield tag="650" ind1=" " ind2=" ">
    <subfield code="a">Selecting of an appropriate project approach</subfield>
    <subfield code="9">56472</subfield>
  </datafield>
  <datafield tag="650" ind1=" " ind2=" ">
    <subfield code="a">Activity planning</subfield>
    <subfield code="9">56473</subfield>
  </datafield>
  <datafield tag="700" ind1=" " ind2=" ">
    <subfield code="a">Cotterell, Mike.</subfield>
    <subfield code="9">56474</subfield>
  </datafield>
  <datafield tag="942" ind1=" " ind2=" ">
    <subfield code="2">ddc</subfield>
    <subfield code="c">BK</subfield>
    <subfield code="e">5th</subfield>
    <subfield code="k">005.3068 HUGB</subfield>
  </datafield>
  <datafield tag="999" ind1=" " ind2=" ">
    <subfield code="c">190402</subfield>
    <subfield code="d">190402</subfield>
  </datafield>
  <datafield tag="952" ind1=" " ind2=" ">
    <subfield code="0">0</subfield>
    <subfield code="1">0</subfield>
    <subfield code="2">ddc</subfield>
    <subfield code="4">0</subfield>
    <subfield code="7">0</subfield>
    <subfield code="8">MCA</subfield>
    <subfield code="a">AIMIT</subfield>
    <subfield code="b">AIMIT</subfield>
    <subfield code="e">Knowledge World</subfield>
    <subfield code="g">425.00</subfield>
    <subfield code="i">Bill no:713; Bill dt:2010-07-29</subfield>
    <subfield code="l">0</subfield>
    <subfield code="o">005.3068 HUGB</subfield>
    <subfield code="p">MCA09910</subfield>
    <subfield code="r">2025-07-21 00:00:00</subfield>
    <subfield code="v">318.75</subfield>
    <subfield code="w">2021-07-16</subfield>
    <subfield code="y">BK</subfield>
  </datafield>
  <datafield tag="952" ind1=" " ind2=" ">
    <subfield code="0">0</subfield>
    <subfield code="1">0</subfield>
    <subfield code="2">ddc</subfield>
    <subfield code="4">0</subfield>
    <subfield code="7">0</subfield>
    <subfield code="8">MCA</subfield>
    <subfield code="a">AIMIT</subfield>
    <subfield code="b">AIMIT</subfield>
    <subfield code="e">Knowledge World</subfield>
    <subfield code="g">425.00</subfield>
    <subfield code="i">Bill no:713; Bill dt:2010-07-29</subfield>
    <subfield code="l">0</subfield>
    <subfield code="o">005.3068 HUGB</subfield>
    <subfield code="p">MCA09911</subfield>
    <subfield code="r">2025-07-21 00:00:00</subfield>
    <subfield code="v">318.75</subfield>
    <subfield code="w">2021-07-16</subfield>
    <subfield code="y">BK</subfield>
  </datafield>
  <datafield tag="952" ind1=" " ind2=" ">
    <subfield code="0">0</subfield>
    <subfield code="1">0</subfield>
    <subfield code="2">ddc</subfield>
    <subfield code="4">0</subfield>
    <subfield code="7">0</subfield>
    <subfield code="8">MCA</subfield>
    <subfield code="a">AIMIT</subfield>
    <subfield code="b">AIMIT</subfield>
    <subfield code="e">Knowledge World</subfield>
    <subfield code="g">425.00</subfield>
    <subfield code="i">Bill no:713; Bill dt:2010-07-29</subfield>
    <subfield code="l">0</subfield>
    <subfield code="o">005.3068 HUGB</subfield>
    <subfield code="p">MCA09912</subfield>
    <subfield code="r">2025-07-21 00:00:00</subfield>
    <subfield code="v">318.75</subfield>
    <subfield code="w">2021-07-16</subfield>
    <subfield code="y">BK</subfield>
  </datafield>
  <datafield tag="952" ind1=" " ind2=" ">
    <subfield code="0">0</subfield>
    <subfield code="1">0</subfield>
    <subfield code="2">ddc</subfield>
    <subfield code="4">0</subfield>
    <subfield code="7">0</subfield>
    <subfield code="8">MCA</subfield>
    <subfield code="a">AIMIT</subfield>
    <subfield code="b">AIMIT</subfield>
    <subfield code="e">Knowledge World</subfield>
    <subfield code="g">425.00</subfield>
    <subfield code="i">Bill no:713; Bill dt:2010-07-29</subfield>
    <subfield code="l">0</subfield>
    <subfield code="o">005.3068 HUGB</subfield>
    <subfield code="p">MCA09913</subfield>
    <subfield code="r">2025-07-21 00:00:00</subfield>
    <subfield code="v">318.75</subfield>
    <subfield code="w">2021-07-16</subfield>
    <subfield code="y">BK</subfield>
  </datafield>
  <datafield tag="952" ind1=" " ind2=" ">
    <subfield code="0">0</subfield>
    <subfield code="1">0</subfield>
    <subfield code="2">ddc</subfield>
    <subfield code="4">0</subfield>
    <subfield code="7">3</subfield>
    <subfield code="8">MCA</subfield>
    <subfield code="a">AIMIT</subfield>
    <subfield code="b">AIMIT</subfield>
    <subfield code="e">Knowledge World</subfield>
    <subfield code="g">425.00</subfield>
    <subfield code="i">Bill no:713; Bill dt:2010-07-29</subfield>
    <subfield code="l">0</subfield>
    <subfield code="o">005.3068 HUGB</subfield>
    <subfield code="p">MCA09914</subfield>
    <subfield code="r">2025-07-21 00:00:00</subfield>
    <subfield code="v">318.75</subfield>
    <subfield code="w">2021-07-16</subfield>
    <subfield code="y">BK</subfield>
  </datafield>
  <datafield tag="952" ind1=" " ind2=" ">
    <subfield code="0">0</subfield>
    <subfield code="1">0</subfield>
    <subfield code="2">ddc</subfield>
    <subfield code="4">0</subfield>
    <subfield code="7">0</subfield>
    <subfield code="8">MCA</subfield>
    <subfield code="a">AIMIT</subfield>
    <subfield code="b">AIMIT</subfield>
    <subfield code="e">Higginbothams Pvt Ltd</subfield>
    <subfield code="g">425.00</subfield>
    <subfield code="i">Bill no:743; Bill dt:2010-09-17</subfield>
    <subfield code="l">1</subfield>
    <subfield code="o">005.3068 HUGB</subfield>
    <subfield code="p">MCA10399</subfield>
    <subfield code="q">2026-05-15</subfield>
    <subfield code="r">2026-04-15 12:04:09</subfield>
    <subfield code="s">2026-04-15</subfield>
    <subfield code="v">318.75</subfield>
    <subfield code="w">2021-07-16</subfield>
    <subfield code="y">BK</subfield>
  </datafield>
</record>
